00726nam a2200205 i 450000100060000000300090000600500170001500700030003200800410003510000320007624500900010825000150019826000420021330000410025570000270029670000260032385200320034999900170038195201220039889397ES-MaACL20230906180149.0t|050110s1972 sp ||||1| spa d1 aLapierre, Dominique.97015710aOh Jerusalén / cDominique Lapierre, Larry Collins ; [traducción de Juan Moreno]. a[1ª ed.]. aBarcelona : bPlaza Janés, c[1972] a588 p., 12 lám. : bil. ; c22 cm.1 aCollins, Larry.9397351 aMoreno, Juan.9182367 aES-MaACLjC-42993 bR.81273 c89397d89397 00104070aATENEOMbATENEOMcDEPO2d2008-01-17eSCl0oC-42993p1093366r2023-02-23 00:00:00w2023-02-23yMONOGRAFIA